Score 0/24 Timer 04:00
7 Plays Today
Hint Word % Correct
If you want a lie to be convincing, make it ____Believable
95%
When desiring a ____, Aesop's The Boy Who Cried Wolf has endured for over 2500 yearsFable
90.4%
In San Francisco many ride the famous ____ CarsCable
87.9%
He told the officer he had to hit it, but if he turned the wheel, the collision would have been ____Avoidable
85.7%
Some say ____ Tennis, while others say Ping PongTable
85.1%
Computers were once stationary, but tablets are very ___Portable
79.6%
She's very ______, you can always count on her to do what she says she'll do.Reliable
79.5%
The 'D' answer should help or ___ you to get this oneEnable
78.3%
Don't put that there, it might collapse, it isn't _____Stable
77.5%
I need quiet so please ___ the speakersDisable
76.5%
At first it looked like murder, but given the circumstances the killing was ___Justifiable
75.7%
Some movie lines are easily forgettable, but great lines are ___Quotable
74.8%
Hint Word % Correct
I did not care for her, but he was ___Likable
74%
I prefer synthetics to wool because when they need to be cleaned they are ___Washable
74%
The desert can be harsh and water scarce, but about 1.5 million people in Phoenix found it ____Habitable
73.6%
The pagoda was far away, but my camera was ____ up to 100 times so the shot came out as if it were near byZoomable
73.2%
Many Soldiers had a poster of Betty ___ during World War IIGrable
67.3%
They thought the solution impossible, but results proved it ____Viable
66%
Tom was usually happy, but as a result of the flu he was ___Miserable
64.4%
Because of the Watergate Scandal, just like bad testimony, President Nixon was ___Impeachable
52.6%
It was great when they spliced Natalie and Nat King Cole together on the song ____Unforgettable
50.1%
In an experiment one can only document ____ resultsObservable
46.5%
Some are ordinary while others are ___Notable
43.7%
Some find God hard to comprehend, but many find God to be ____Knowable
34.7%
Remove Ads.
Support Sporcle.
Get the best of Sporcle when you Go Orange. This ad-free experience offers more features, more stats, and more fun while also helping to support Sporcle. Thank you for becoming a member.

You're not logged in!

Compare scores with friends on all Sporcle quizzes.
OR
Log In

Show Comments

Extras

Top Quizzes Today


Score Distribution

Your Account Isn't Verified!

In order to create a playlist on Sporcle, you need to verify the email address you used during registration. Go to your Sporcle Settings to finish the process.

Report this User

Report this user for behavior that violates our Community Guidelines.

Details: